History Quiz

Random History Quiz

Belgian Creations Quiz Stats

Quiz not verified by Sporcle

Challenge
Share
Tweet
Embed
Score 0/15 Timer 10:00
0 Plays Today
Description Answer % Correct
This young fictional reporter has a dog called Snowy.Tintin
93.8%
Despite the name, these fast-food accompaniments are from BelgiumFrench fries
89.6%
These creatures are threatened by GargamelSmurf
83.3%
This scientific idea gave its name to a modern sitcom.Big Bang
83.3%
This abbreviation refers to the 'Low Countries' of EuropeBenelux
79.2%
Charlie Parker was a virtuoso on this instrument Saxophone
75%
You can calculate it using: weight (kg) / height^2 (m)Body Mass Index
58.3%
This road paving was created in 1872.Asphalt
45.8%
Description Answer % Correct
These refrigerants nearly destroyed the ozone layer.CFCs
43.8%
This was the first synthetic thermosetting plastic.Bakelite
37.5%
This foreign song could be roughly translated as 'This works for me'.Ca Plane Pour Moi
31.3%
This system of horizontal lines on a map is used by GPS systems.Latitude
27.1%
This painting features a pipe above a confusing caption.Treachery of Images
25%
A Belgian found that this breastbone had only three parts.Sternum
20.8%
This 1892 play features a notable score by Debussy.Pelleas and Melisande
6.3%

You're not logged in!

Compare scores with friends on all Sporcle quizzes.
Join for Free
OR
Log In

You Might Also Like...

Show Comments

Extras

Created Feb 28, 2014ReportNominate
Tags:belgian, Belgium, invention

Top Quizzes Today


Score Distribution

Your Account Isn't Verified!

In order to create a playlist on Sporcle, you need to verify the email address you used during registration. Go to your Sporcle Settings to finish the process.

Report this User

Report this user for behavior that violates our Community Guidelines.

Details: